000 00830nam a22002777a 4500
003 DO-SdBPM
005 20260601095618.0
007 ta
008 180315b ch ||||| |||| 00| 0 spa d
020 _a9972625842
040 _aDO-SdBPM
_bspa
_cBPMSU
_erda
082 0 4 _a595.7
_bC753i
_222
245 0 0 _aConociendo los insectos
264 _aChina :
_bLexus Editores,
_c[2004]
300 _avarias paginaciones :
_bilustraciones ;
_c10 cm.
336 _atexto
_btxt
_2rdacontent
337 _asin mediación
_bn
_2rdamedia
338 _avolumen
_bnc
_2rdacarrier
590 _aInventariado, 2026/VM
650 7 _aInsectos.
_xEnseñanza preescolar
_2
650 7 _aEntomología.
650 7 _aLibros ilustrados para niños
710 2 _aLexus Editores
900 _aVMateo V. Control de calidad. BPMSU
942 _2ddc
_cBK
999 _c12597
_d12597